The Ordinal Society (Titelsatznr. 73705)
[ MARC ]
| 000 -Satzkennung | |
|---|---|
| Kontrollfeld mit fester Länge | 01833namaa2200313 cb4500 |
| 001 - Kontrollnummer | |
| Kontrollfeld | BV005305351 |
| 003 - Kontrollnummer Identifier | |
| Kontrollfeld | DE-70 |
| 005 - Datum und Zeit der letzten Transaktion | |
| Kontrollfeld | 20260212140506.0 |
| 006 - Datenelemente mit fester Länge - Weitere Materialmerkmale | |
| Kontrollfeld mit fester Länge | m|||| o||u| |||||| |
| 007 - Feld mit fester Länge zur physischen Beschreibung - Allgemeine Information | |
| Kontrollfeld mit fester Länge | tu |
| 007 - Feld mit fester Länge zur physischen Beschreibung - Allgemeine Information | |
| Kontrollfeld mit fester Länge | 7 |
| 008 - Feld mit fester Länge zur physischen Beschreibung - Allgemeine Angaben | |
| Kontrollfeld mit fester Länge | 920527s1980 a||| |||| 00||| und d |
| 020 ## - Internationale Standardbuchnummer | |
| Internationale Standardbuchnummer | 9780674296688 |
| Verknüpfung | 978-0-674-29668-8 |
| 024 ## - Anderer Standardidentifier | |
| Standardnummer oder Code | 9780674296688 |
| -- | 978-0-674-29668-8 |
| 040 ## - Katalogisierungsquelle | |
| Übertragungsstelle | RU-10907106 |
| 041 ## - Sprachcode | |
| Sprachcode des Textes/der Tonspur oder des separaten Titels | eng |
| 100 ## - Haupteintragung - Personenname | |
| Personenname | Fourcade, Marion; Healy, Kieran |
| Funktionsbezeichnungscode | aut |
| Koha-Normdatenidentnummer | 68419 |
| 245 ## - Titel | |
| Titel | The Ordinal Society |
| 250 ## - Ausgabebezeichnung | |
| Ausgabebezeichnung | digital original edition |
| 264 ## - Produktion, Veröffentlichung, Distribution, Herstellung und Urheberrechtsvermerk | |
| Herstellungs-, Veröffentlichungs- Vertriebs-, Erzeugungsort | Cambridge, Mass |
| Produzent, Herausgeber, Distributor, Hersteller | Harvard University Press |
| Datum der Herstellung, der Veröffentlichung, des Vertriebs oder des Urheberschutzvermerks | 2024 |
| 300 ## - Physische Beschreibung | |
| Umfang | 208 Seiten |
| 336 ## - Inhaltstyp | |
| Quelle | rdacontent |
| Inhaltstypterm | Text |
| Inhaltstypcode | txt |
| 337 ## - Medientyp | |
| Quelle | rdamedia |
| Bezeichnung des Medientyps | Computermedien |
| Medientypcode | bc |
| 338 ## - Datenträgertyp | |
| Quelle | rdacarrier |
| Datenträgertypbezeichnung | Online Ressource |
| Datenträgertypcode | cr |
| 500 ## - Allgemeine Fußnote | |
| Allgemeine Fußnote | E-Book / Zugriff nur im Lesesaal |
| 520 ## - Fußnote zu Zusammenfassungen usw. | |
| Fußnote zur Zusammenfassung usw. | Cover Copyright Title Page Contents Introduction: Valley Fever Homestead Dreams Crabgrass Frontier Soft City 1. The Box of Delights The Gift of Everything The Social Substrate The Exfiltration of Sociality 2. The Data Imperative Thou Shalt Count Thou Shalt Gather Thou Shalt Learn 3. Classification Situations Naming and Ordering Testing and Matching Eigenvalues and Eigencapital 4. The Great Unbundling Informative Payments Market Modulations Streams of Income 5. Layered Financialization Layering Abstractions Popularizing Protocols Banking on Speculation 6. The Road to Selfdom Authenticated Exposure The Searching Disposition The Self-Organization Man 7. Ordinal Citizenship The Problem of Equality The Problem of Merit The Problem of Value Conclusion: The Unbearable Rightness of Being Ranked Ordinalizations Double Movement The Will to Progress and the Will to Power The Twofold Truth of Social Science Notes Acknowledgments Index |
| 856 ## - Elektronische Adresse und Zugriff | |
| OPAC-Notiz | Volltext |
| URL | <a href="https://doi.org/10.4159/9780674296688">https://doi.org/10.4159/9780674296688</a> |
| 942 ## - Zusätzliche Felder (Koha) | |
| Koha-Medientyp | E-Books |
| Klassifikation oder Aufstellungssystematik | Andere/Generische Klassifikation |
| Ausgeschieden | Verloren | Klassifikation oder Aufstellungssystematik | Beschädigt | Nicht entleihbar | Heimatbibliothek | Aufenthaltsbibliothek | Aufstellungsort | Erwerbungsdatum | Inventarnummer | Signatur | Barcode | Letzte Aktivität | Preis gültig von | Koha-Medientyp |
|---|---|---|---|---|---|---|---|---|---|---|---|---|---|---|
| Andere/Generische Klassifikation | MWN Osteuropa | MWN Osteuropa | Online-Ressource | 10/02/2026 | 26-e00104 | E-26-e00104 | 76626 | 10/02/2026 | 10/02/2026 | E-Books |